| 000 | 00768nam a22002777a 4500 | ||
|---|---|---|---|
| 003 | CHAP | ||
| 005 | 20220329141820.0 | ||
| 008 | 971013s r 00010 d | ||
| 010 | _a74297 | ||
| 011 | _a75269 | ||
| 035 | _a84829 | ||
| 040 | _cCHAP | ||
| 090 | _aR-1605 | ||
| 100 | 0 | 0 |
_aHartman, Carl G. _952946 |
| 245 | _aHow Odynerus suspends her egg | ||
| 500 | _aSobretiro de: Psyche, 51(1-2) 1-4 1944 | ||
| 590 |
_aBATCH-UPD _b10 _c20130110 _lUCH01 _h0407 |
||
| 590 |
_aCONVERSION _b10 _c20130109 _lUCH01 _h1341 |
||
| 650 | 1 | 4 |
_aAvispas. _98877 |
| 650 | 1 | 4 |
_aInsectos _xHuevos. _958928 |
| 650 | 1 | 4 |
_aOdynerus. _982740 |
| 901 | _aBK | ||
| 942 | _cFOLL | ||
| 949 |
_aR-1605 _bBC _cR _d-40375 _eTS1 _i84829 _si |
||
| 949 |
_aR-1605 _bBC _cR _d-40376 _eTS2 _fc.2 _i84829 _si |
||
| 999 |
_c74297 _d74297 |
||